Normal view
MARC view
- منصور حسين،كرم حبيب
Entry Personal Name
001 - CONTROL NUMBER
- control field: 7573
003 - CONTROL NUMBER IDENTIFIER
- control field: JO-AjAnu
005 - DATE AND TIME OF LATEST TRANSACTION
- control field: 20230606071526.0
008 - FIXED-LENGTH DATA ELEMENTS
- fixed length control field: 230606|| aca||aabn | a|a d
040 ## - CATALOGING SOURCE
- Original cataloging agency: JO-AjAnu
- Transcribing agency: JO-AjAnu
100 ## - HEADING--PERSONAL NAME
- Personal name: منصور حسين،كرم حبيب
670 ## - SOURCE DATA FOUND
- Source citation: Work cat.: (JO-AjAnu)3917: منصور حسين،كرم حبيب, author, دليل الدراسات البيئية في اطار التعليم الاساسي